| 000 | 00610nam a2200205 a 4500 | ||
|---|---|---|---|
| 003 | MX-MxUPN | ||
| 005 | 20240220091008.0 | ||
| 008 | 240130s1990 bo a||||r|||| 000 0 spa d | ||
| 040 |
_aMX-MxUPN _bspa _cMX-MxUPN |
||
| 041 | 0 | _aspa | |
| 050 | 1 | 4 |
_aG155 B58 _bC37 1990 |
| 245 | 0 | 3 | _aLa casa que se llama bosque |
| 250 | _aPrimera edición. | ||
| 260 |
_aLa Paz, Bolivia. : _bInstituto Latinoamericano de Ciencias Sociales, _c1990 |
||
| 300 |
_a40 páginas : _bilustraciones |
||
| 650 | 4 |
_aBosques _zBolivia _951111 |
|
| 902 |
_aGCH300124 _bVíctor Ruiz/190224 |
||
| 942 |
_2lcc _cFOLL _n0 |
||
| 999 |
_c210871 _d210871 |
||